LDR 00684naa#a2200169#i#450# 001 EN\INFRA-M\bibl\118286 005 20260417050159.5 011 ## _a2587-9111 100 ## _a20260417b2026####ek#y0engy0150####ca 102 ## _aRU 200 1# _aEnsuring the Continuity, Balance, and Consistency of Strategic Planning Documents in the Field of Maritime Policy of the Russian Federation _eJournal article 210 1# _aMoscow _cINFRA-M Academic Publishing LLC. _d2026 215 ## _a5 с. 608 ## _aJournal article _2local 675 ## _aЭкономическая политика. Управление и планирование в экономике. 338.2 _z 700 #1 _aBogdanova _gYu. N. 856 4# _azh-szf.ru _u